[Event "Sant Boi Lorente Memorial 7th"]
[Site "Sant Boi de Llobregat"]
[Date "2016.06.19"]
[Round "7"]
[White "Jose Abril, Ramon"]
[Black "Alsina Leal, Daniel"]
[Result "0-1"]
[WhiteElo "2318"]
[BlackElo "2521"]
[PlyCount "70"]
[EventDate "2016.06.19"]
[EventType "swiss (rapid)"]
[EventRounds "9"]
[EventCountry "ESP"]
[SourceTitle "CBM 173 Extra"]
[Source "ChessBase"]
[SourceDate "2016.08.29"]
[SourceVersion "1"]
[SourceVersionDate "2016.08.29"]
[SourceQuality "1"]

1. d4 d5 2. c4 c6 3. cxd5 cxd5 4. Bf4 Nc6 5. e3 Nf6 6. Bd3 Bg4 7. Ne2 a6 8. Nbc3 e6 9. Rc1 Be7 10. f3 Bh5 11. 0-0 0-0 12. Na4 Nd7 13. a3 e5 14. dxe5 Ndxe5 15. b4 Bg6 16. Bxg6 Nxg6 17. Bg3 Bf6 18. Qb3 Qe7 19. Bf2 Rad8 20. Rfd1 Nge5 21. Nac3 Bh4 22. Rxd5 Bxf2+ 23. Kxf2 Nd3+ 24. Rxd3 Rxd3 25. e4 Qg5 26. Qc4 Ne5 27. Qc5 Rxf3+ 28. gxf3 Nd3+ 29. Kf1 Nxc5 30. bxc5 Qxc5 31. a4 Qe3 32. Kg2 h5 33. Rc2 Rc8 34. h4 Rxc3 35. Nxc3 Qd3 0-1

[Event "Catalunya-chT Gp2 final"]
[Site "Barcelona"]
[Date "2016.04.02"]
[Round "2.3"]
[White "Ayza Leon, David"]
[Black "Jose Abril, Ramon"]
[Result "1/2-1/2"]
[WhiteElo "2203"]
[BlackElo "2326"]
[PlyCount "39"]
[EventDate "2016.03.12"]
[EventType "team-tourn"]
[EventRounds "4"]
[EventCountry "ESP"]
[SourceTitle "CBM 171 Extra"]
[Source "ChessBase"]
[SourceDate "2016.04.26"]
[SourceVersion "1"]
[SourceVersionDate "2016.04.26"]
[SourceQuality "1"]
[WhiteTeam "Peona I Peo"]
[BlackTeam "Sant Josep de Badalona"]
[WhiteTeamCountry "ESP"]
[BlackTeamCountry "ESP"]

1. e4 d5 2. exd5 Qxd5 3. Nc3 Qa5 4. d4 Nf6 5. Nf3 Bf5 6. Bd2 c6 7. Bc4 e6 8. 0-0 Qc7 9. Ne2 Bd6 10. Ng3 Bg6 11. Re1 Nbd7 12. a4 0-0 13. Nh4 a5 14. Nxg6 hxg6 15. Bg5 Bf4 16. Bxf4 Qxf4 17. c3 g5 18. Nh5 Nxh5 19. Qxh5 Nf6 20. Qe2 1/2-1/2

[Event "Catalunya-chT Gp1"]
[Site "Barcelona"]
[Date "2016.03.05"]
[Round "7.1"]
[White "Jose Abril, Ramon"]
[Black "Fabregas Fontanet, Antonio"]
[Result "1-0"]
[WhiteElo "2326"]
[BlackElo "1993"]
[PlyCount "81"]
[EventDate "2016.01.23"]
[EventType "team-tourn"]
[EventRounds "7"]
[EventCountry "ESP"]
[SourceTitle "EXT 2017"]
[Source "ChessBase"]
[SourceDate "2016.10.25"]
[SourceVersion "1"]
[SourceVersionDate "2016.10.25"]
[SourceQuality "1"]
[WhiteTeam "Sant Josep de Badalona"]
[BlackTeam "Montcada"]
[WhiteTeamCountry "ESP"]
[BlackTeamCountry "ESP"]

1. d4 Nf6 2. c4 Nc6 3. Nf3 e6 4. g3 d6 5. Nc3 g6 6. Bg2 Bg7 7. 0-0 0-0 8. e4 Re8 9. d5 Na5 10. Nd2 exd5 11. cxd5 b6 12. b4 Nb7 13. Bb2 a5 14. a3 Bg4 15. Qc2 Qd7 16. Rfe1 Bh3 17. Bh1 Nd8 18. Nc4 Ng4 19. Ne2 axb4 20. axb4 Rxa1 21. Rxa1 Bxb2 22. Qxb2 b5 23. Nd2 c5 24. bxc5 dxc5 25. Nf4 Ne5 26. Nxh3 Qxh3 27. Qxb5 Rf8 28. Bg2 Qh5 29. f4 Ng4 30. Nf1 Qh6 31. e5 Qg7 32. Qxc5 Nxe5 33. fxe5 Qxe5 34. Ra8 Ne6 35. Rxf8+ Nxf8 36. Qe3 Qd6 37. Nd2 Nd7 38. Nc4 Qb4 39. Bf1 Nf6 40. Qd4 Nd7 41. d6 1-0

[Event "Catalunya-chT Gp1"]
[Site "Barcelona"]
[Date "2016.02.06"]
[Round "3.1"]
[White "Jose Abril, Ramon"]
[Black "Monclus Domingo, Angel"]
[Result "1-0"]
[WhiteElo "2326"]
[BlackElo "2196"]
[PlyCount "57"]
[EventDate "2016.01.23"]
[EventType "team-tourn"]
[EventRounds "7"]
[EventCountry "ESP"]
[SourceTitle "CBM 170 Extra"]
[Source "ChessBase"]
[SourceDate "2016.02.25"]
[SourceVersion "1"]
[SourceVersionDate "2016.02.25"]
[SourceQuality "1"]
[WhiteTeam "Sant Josep de Badalona"]
[BlackTeam "Barcelona Unio Graciencia"]
[WhiteTeamCountry "ESP"]
[BlackTeamCountry "ESP"]

1. d4 d6 2. e4 Nf6 3. Nc3 g6 4. Bg5 c6 5. Qd2 h6 6. Bh4 Bg7 7. f4 0-0 8. Nf3 b5 9. Bd3 Bg4 10. e5 Nd5 11. Nxd5 cxd5 12. 0-0 Bxf3 13. Rxf3 dxe5 14. fxe5 Qb6 15. c3 Nd7 16. Kh1 Rae8 17. Raf1 a6 18. Qf2 Qe6 19. Bg3 Rb8 20. Bf4 b4 21. Qh4 h5 22. Bg5 bxc3 23. bxc3 Qg4 24. Bxe7 Rb2 25. Qxg4 hxg4 26. Rf4 Rd2 27. Bxf8 Nxf8 28. Bxa6 Rxa2 29. Bb7 1-0

[Event "Badalona op 41st"]
[Site "Badalona"]
[Date "2015.08.06"]
[Round "5"]
[White "Cruz, Jonathan"]
[Black "Jose Abril, Ramon"]
[Result "1-0"]
[WhiteElo "2450"]
[BlackElo "2337"]
[PlyCount "71"]
[EventDate "2015.08.02"]
[EventType "swiss"]
[EventRounds "9"]
[EventCountry "ESP"]
[SourceTitle "CBM 167 Extra"]
[Source "ChessBase"]
[SourceDate "2015.09.14"]
[SourceVersion "1"]
[SourceVersionDate "2015.09.14"]
[SourceQuality "1"]

1. e4 c5 2. Nf3 Nc6 3. d4 cxd4 4. Nxd4 e5 5. Nb5 d6 6. c4 Be7 7. N1c3 a6 8. Na3 Be6 9. Be3 Bg5 10. Qd2 Bxe3 11. fxe3 Nf6 12. Bd3 Rc8 13. 0-0 Nb4 14. Nd5 Bxd5 15. exd5 Qb6 16. c5 dxc5 17. Nc4 Qd8 18. Bf5 Rb8 19. e4 g6 20. a3 gxf5 21. Rxf5 0-0 22. Qg5+ Kh8 23. Rxf6 Nd3 24. Nxe5 c4 25. Qf5 Nxe5 26. Qxe5 Re8 27. Qc3 Kg8 28. Raf1 Rxe4 29. Qf3 Re8 30. Qg3+ Kh8 31. Rxf7 Qb6+ 32. Kh1 Qd4 33. Rxh7+ Kxh7 34. Rf7+ Kh6 35. Qh3+ Kg6 36. Qf5+ 1-0

[Event "Catalunya-chT GpA final"]
[Site "Barcelona"]
[Date "2015.04.11"]
[Round "10.2"]
[White "Alonso Moyano, Jonathan"]
[Black "Jose Abril, Ramon"]
[Result "1-0"]
[WhiteElo "2401"]
[BlackElo "2335"]
[PlyCount "73"]
[EventDate "2015.03.14"]
[EventType "team-tourn"]
[EventRounds "11"]
[EventCountry "ESP"]
[SourceTitle "EXT 2016"]
[Source "ChessBase"]
[SourceDate "2015.10.08"]
[SourceVersion "1"]
[SourceVersionDate "2015.10.08"]
[SourceQuality "1"]
[WhiteTeam "Barbera"]
[BlackTeam "Sant Josep de Badalona"]
[WhiteTeamCountry "ESP"]
[BlackTeamCountry "ESP"]

1. e4 g6 2. d4 Bg7 3. Nf3 d6 4. Bc4 Nf6 5. Qe2 0-0 6. 0-0 c6 7. Bb3 Qc7 8. e5 dxe5 9. dxe5 Nd5 10. c4 Nb6 11. Bf4 Bg4 12. Nbd2 N8d7 13. Qe3 Be6 14. Rfe1 Rfe8 15. h4 Nf8 16. h5 a5 17. a4 Nbd7 18. Rac1 b6 19. hxg6 hxg6 20. Rc3 Nc5 21. Bc2 Qc8 22. Nd4 Bd7 23. Bh6 Nfe6 24. Bxg7 Nxg7 25. Qh6 Bg4 26. N2f3 Nce6 27. Nxe6 Nxe6 28. Re4 Nf8 29. Nh2 Bf5 30. Rh4 f6 31. Rf3 Rd8 32. Bxf5 Rd1+ 33. Nf1 gxf5 34. Qh5 Rxf1+ 35. Kxf1 Ne6 36. Rg3+ Ng5 37. Qg6+ 1-0

[Event "Catalunya-chT"]
[Site "Catalunya"]
[Date "2014.04.05"]
[Round "11.4"]
[White "Gil Gil, Antoni"]
[Black "Jose Abril, Ramon"]
[Result "0-1"]
[WhiteElo "1868"]
[BlackElo "2335"]
[PlyCount "104"]
[EventDate "2014.01.25"]
[EventType "team"]
[EventRounds "11"]
[EventCountry "ESP"]
[SourceTitle "EXT 2015"]
[Source "ChessBase"]
[SourceDate "2014.11.20"]
[SourceVersion "1"]
[SourceVersionDate "2014.11.20"]
[SourceQuality "1"]
[WhiteTeam "Montcada"]
[BlackTeam "Badalona Sant Josep"]
[WhiteTeamCountry "ESP"]
[BlackTeamCountry "ESP"]

1. e4 c5 2. Nf3 d6 3. d4 cxd4 4. Nxd4 Nf6 5. Nc3 g6 6. Bc4 Bg7 7. Bb3 0-0 8. Be3 Ng4 9. Qd2 Nxe3 10. Qxe3 Nc6 11. Nxc6 bxc6 12. h4 h5 13. f3 Qb6 14. Qg5 Kh7 15. Ne2 Ba6 16. Qd2 Bxb2 17. Rb1 Bg7 18. g4 Qc5 19. c4 Qe5 20. gxh5 Qxh5 21. Kf2 Qc5+ 22. Kg2 Bh6 23. f4 Rg8 24. Rh3 Bc8 25. Rg3 Rb8 26. Qd3 Be6 27. Rf1 Rb4 28. f5 Bxc4 29. fxg6+ fxg6 30. Qf3 Bxb3 31. axb3 Rf8 32. Qg4 Qh5 33. Rxf8 Bxf8 34. Qxh5+ gxh5 35. Rg5 Bh6 36. Rxh5 Rxe4 37. Ng3 Rb4 38. Ra5 Be3 39. Nf5 Bb6 40. Ra3 Re4 41. Ra4 Re5 42. Ng3 d5 43. Kf3 Re3+ 44. Kg4 e5 45. Nh5 Rxb3 46. Nf6+ Kh6 47. Kf5 e4 48. Ra2 Rf3+ 49. Ke6 Bd4 50. Ng8+ Kh5 51. Kd6 Rc3 52. Ne7 Bc5+ 0-1

[Event "Catalunya-chT"]
[Site "Catalunya"]
[Date "2014.03.22"]
[Round "9.2"]
[White "Jose Abril, Ramon"]
[Black "Garcia Jimenez, Francisco Javier"]
[Result "0-1"]
[WhiteElo "2335"]
[BlackElo "2268"]
[PlyCount "66"]
[EventDate "2014.01.25"]
[EventType "team"]
[EventRounds "11"]
[EventCountry "ESP"]
[SourceTitle "EXT 2015"]
[Source "ChessBase"]
[SourceDate "2014.11.20"]
[SourceVersion "1"]
[SourceVersionDate "2014.11.20"]
[SourceQuality "1"]
[WhiteTeam "Badalona Sant Josep"]
[BlackTeam "Barbera"]
[WhiteTeamCountry "ESP"]
[BlackTeamCountry "ESP"]

1. Nf3 c5 2. e4 Nc6 3. Bb5 g6 4. Bxc6 bxc6 5. 0-0 Bg7 6. Re1 Nf6 7. Nc3 0-0 8. d3 d6 9. e5 Nd5 10. Ne4 h6 11. c4 Nc7 12. Bf4 Ne6 13. Bg3 d5 14. Nc3 Nd4 15. h3 Be6 16. b3 Qa5 17. Nxd4 cxd4 18. cxd5 cxd5 19. Ne2 Qb6 20. Qd2 Bf5 21. Red1 f6 22. exf6 Qxf6 23. Qa5 e6 24. Rac1 h5 25. f3 Bh6 26. Bf4 g5 27. Bd6 g4 28. f4 gxh3 29. Bxf8 Rxf8 30. Qxa7 Qg6 31. g3 Bxd3 32. Rxd3 Qxd3 33. Re1 Qe3+ 0-1

[Event "Catalunya-chT"]
[Site "Catalunya"]
[Date "2014.03.08"]
[Round "7.4"]
[White "Tacon Berrocal, Fulgenci"]
[Black "Jose Abril, Ramon"]
[Result "0-1"]
[WhiteElo "1986"]
[BlackElo "2335"]
[PlyCount "124"]
[EventDate "2014.01.25"]
[EventType "team"]
[EventRounds "11"]
[EventCountry "ESP"]
[SourceTitle "EXT 2015"]
[Source "ChessBase"]
[SourceDate "2014.11.20"]
[SourceVersion "1"]
[SourceVersionDate "2014.11.20"]
[SourceQuality "1"]
[WhiteTeam "Sant Andreu"]
[BlackTeam "Badalona Sant Josep"]
[WhiteTeamCountry "ESP"]
[BlackTeamCountry "ESP"]

1. g3 Nf6 2. Bg2 g6 3. c4 Bg7 4. Nc3 d6 5. d4 0-0 6. Nf3 Nc6 7. 0-0 a6 8. e3 Rb8 9. Qe2 b5 10. Nd2 Na5 11. b4 Nxc4 12. Nxc4 bxc4 13. Qxc4 Be6 14. Qxa6 Rxb4 15. Qa5 c5 16. Qxd8 Rxd8 17. a3 Rb3 18. Ne2 Bc4 19. Re1 d5 20. a4 Nd7 21. Ra3 e6 22. Bf1 Rxa3 23. Bxa3 Bxe2 24. Bxe2 cxd4 25. exd4 Bxd4 26. Bb5 Nf6 27. Rd1 Be5 28. Be7 Rb8 29. f4 Bc3 30. Bxf6 Bxf6 31. Rc1 g5 32. Kf2 Kg7 33. Kf3 Bd8 34. Rc6 h5 35. Ke3 Bb6+ 36. Kf3 Kf6 37. h3 gxf4 38. Kxf4 Bd4 39. Kf3 Be5 40. Ra6 Bd4 41. Rc6 Rg8 42. Be2 Be5 43. g4 hxg4+ 44. hxg4 Rh8 45. a5 Rh2 46. a6 Bd4 47. Rc2 Rh3+ 48. Kg2 Ra3 49. Rc6 Be5 50. Kf2 Kg5 51. Rc8 Bd4+ 52. Kg2 Kf4 53. Rc2 e5 54. Kh2 f6 55. Rd2 Ke4 56. Rc2 Ra5 57. Kh3 Bc5 58. Rb2 d4 59. Rb5 Rxb5 60. Bxb5 d3 61. Kg2 Kd4 62. Kf2 e4 0-1

[Event "Catalunya-chT Honor"]
[Site "Catalunya"]
[Date "2013.02.16"]
[Round "5.6"]
[White "Bofill Mas, Alejandro"]
[Black "Jose Abril, Ramon"]
[Result "0-1"]
[WhiteElo "2350"]
[BlackElo "2340"]
[PlyCount "76"]
[EventDate "2013.01.19"]
[EventType "team-tourn"]
[EventRounds "11"]
[EventCountry "ESP"]
[SourceTitle "EXT 2014"]
[Source "ChessBase"]
[SourceDate "2013.11.20"]
[SourceVersion "1"]
[SourceVersionDate "2013.11.20"]
[SourceQuality "1"]
[WhiteTeam "Barcelona Escola Escacs"]
[BlackTeam "Badalona Sant Josep"]
[WhiteTeamCountry "ESP"]
[BlackTeamCountry "ESP"]

1. c4 c5 2. g3 g6 3. Bg2 Bg7 4. Nc3 Nc6 5. Nf3 e5 6. 0-0 Nge7 7. a3 a5 8. Ne1 h5 9. h4 d6 10. d3 Bg4 11. Nc2 Nf5 12. Bg5 f6 13. Bd2 Bh6 14. Bxh6 Rxh6 15. f3 Nxg3 16. Qd2 Rh7 17. fxg4 Nxf1 18. Rxf1 hxg4 19. Nd5 f5 20. Qg5 Qxg5 21. hxg5 Kf7 22. Nf6 Rh4 23. Ne3 Kg7 24. Rxf5 gxf5 25. Nxf5+ Kg6 26. Nxh4+ Kxg5 27. Ne4+ Kxh4 28. Nxd6 Rf8 29. e3 Nd8 30. Bd5 b6 31. Kg2 Rf6 32. Ne8 Rh6 33. Be4 Nc6 34. Nc7 Ne7 35. a4 Kg5 36. Kf2 Nf5 37. Bg2 Rh2 38. Kg1 g3 0-1

[Event "Catalunya-chT Honor"]
[Site "Catalunya"]
[Date "2013.02.09"]
[Round "4.8"]
[White "Jose Abril, Ramon"]
[Black "Colls Gelaberto, Emilio"]
[Result "1-0"]
[WhiteElo "2340"]
[BlackElo "2122"]
[PlyCount "71"]
[EventDate "2013.01.19"]
[EventType "team-tourn"]
[EventRounds "11"]
[EventCountry "ESP"]
[SourceTitle "CBM 152 Extra"]
[Source "ChessBase"]
[SourceDate "2013.02.25"]
[SourceVersion "1"]
[SourceVersionDate "2013.02.25"]
[SourceQuality "1"]
[WhiteTeam "Badalona Sant Josep"]
[BlackTeam "Figueres"]
[WhiteTeamCountry "ESP"]
[BlackTeamCountry "ESP"]

1. d4 Nf6 2. c4 g6 3. Nc3 Bg7 4. e4 d6 5. Nge2 0-0 6. Ng3 c5 7. d5 Na6 8. Be2 Nc7 9. 0-0 a6 10. a4 Rb8 11. a5 b5 12. axb6 Rxb6 13. Ra2 e6 14. Bf4 exd5 15. exd5 Nd7 16. Na4 Qf6 17. Qd2 Rb4 18. Ne4 Qd4 19. Qxd4 Bxd4 20. Bxd6 Re8 21. Bd3 Rxe4 22. Bxe4 Ne8 23. Bf4 Rxc4 24. Bd3 Rb4 25. Bd2 Rb8 26. Be3 Nef6 27. Bc4 Ne5 28. b3 Bxe3 29. fxe3 Ne4 30. Rc1 Nd6 31. Nxc5 Bf5 32. Bxa6 Ng4 33. e4 Nxe4 34. Nxe4 Bxe4 35. Rc8+ Rxc8 36. Bxc8 1-0

[Event "Foment Martinenc"]
[Site "Barcelona"]
[Date "2010.11.27"]
[Round "9"]
[White "Beltran Rueda, Santiago"]
[Black "Jose Abril, Ramon"]
[Result "1/2-1/2"]
[WhiteElo "2375"]
[BlackElo "2333"]
[PlyCount "22"]
[EventDate "2010.10.02"]
[EventType "tourn"]
[EventRounds "9"]
[EventCountry "ESP"]
[EventCategory "2"]
[SourceTitle "EXT 2012"]
[Source "ChessBase"]
[SourceDate "2011.11.24"]
[SourceVersion "1"]
[SourceVersionDate "2011.11.24"]
[SourceQuality "1"]

1. Nf3 Nf6 2. d4 g6 3. c4 c5 4. d5 Bg7 5. Nc3 d6 6. g3 e6 7. Bg2 exd5 8. cxd5 0-0 9. 0-0 a6 10. a4 Re8 11. Nd2 Nbd7 1/2-1/2

[Event "Foment Martinenc"]
[Site "Barcelona"]
[Date "2010.11.20"]
[Round "8"]
[White "Jose Abril, Ramon"]
[Black "Perez Manas, Benjamin"]
[Result "1-0"]
[WhiteElo "2333"]
[BlackElo "2255"]
[PlyCount "137"]
[EventDate "2010.10.02"]
[EventType "tourn"]
[EventRounds "9"]
[EventCountry "ESP"]
[EventCategory "2"]
[SourceTitle "EXT 2012"]
[Source "ChessBase"]
[SourceDate "2011.11.24"]
[SourceVersion "1"]
[SourceVersionDate "2011.11.24"]
[SourceQuality "1"]

1. d4 d5 2. c4 e6 3. Nc3 c5 4. cxd5 exd5 5. Nf3 Nc6 6. g3 Nf6 7. Bg2 Be7 8. 0-0 0-0 9. Bg5 cxd4 10. Nxd4 h6 11. Be3 Bg4 12. Qa4 Ne5 13. Rfd1 Nc4 14. Bc1 Bd7 15. Qb3 Na5 16. Qc2 Rc8 17. Qd3 Nc6 18. Nxc6 bxc6 19. Be3 Qa5 20. a3 Ng4 21. b4 Qc7 22. Bd4 Rfe8 23. Rac1 Ne5 24. Qa6 Nc4 25. Nxd5 cxd5 26. Bxd5 Be6 27. Bxe6 fxe6 28. Qxe6+ Kh7 29. Qf5+ Kg8 30. Qe6+ Kh7 31. Bxg7 Kxg7 32. Rd7 Qe5 33. Qxe5+ Nxe5 34. Rxc8 Rxc8 35. Rxe7+ Kf6 36. Rxa7 Rc2 37. Ra6+ Kf5 38. Rxh6 Rxe2 39. Rh8 Ra2 40. Rf8+ Ke4 41. Rf4+ Kd5 42. h4 Rxa3 43. h5 Ra8 44. Kg2 Nd3 45. Rf5+ Ke4 46. g4 Nxb4 47. f3+ Ke3 48. Re5+ Kd4 49. Re4+ Kc5 50. Kg3 Nd5 51. g5 Rg8 52. Kh4 Kd6 53. h6 Ne7 54. Kh5 Rf8 55. f4 Nf5 56. Re5 Nxh6 57. gxh6 Rxf4 58. Re1 Rf2 59. h7 Rh2+ 60. Kg6 Rg2+ 61. Kf7 Rh2 62. Kg8 Rg2+ 63. Kf8 Rf2+ 64. Ke8 Rh2 65. Re7 Ra2 66. Kf8 Rh2 67. Rg7 Ke6 68. Rg6+ Kf5 69. Kg7 1-0

[Event "Foment Martinenc"]
[Site "Barcelona"]
[Date "2010.10.23"]
[Round "4"]
[White "Jose Abril, Ramon"]
[Black "Randazzo, Adrian"]
[Result "1-0"]
[WhiteElo "2333"]
[BlackElo "2251"]
[PlyCount "103"]
[EventDate "2010.10.02"]
[EventType "tourn"]
[EventRounds "9"]
[EventCountry "ESP"]
[EventCategory "2"]
[SourceTitle "EXT 2012"]
[Source "ChessBase"]
[SourceDate "2011.11.24"]
[SourceVersion "1"]
[SourceVersionDate "2011.11.24"]
[SourceQuality "1"]

1. d4 d5 2. c4 dxc4 3. e3 e5 4. Bxc4 exd4 5. exd4 Nf6 6. Nf3 Bd6 7. 0-0 0-0 8. Nc3 Nc6 9. h3 h6 10. a3 Bf5 11. Re1 a6 12. d5 Ne7 13. Be3 Bh7 14. Nd4 Qd7 15. Qd2 Nf5 16. Bf4 Bxf4 17. Qxf4 Nxd4 18. Qxd4 Qd6 19. Re3 Rfe8 20. Rae1 Rxe3 21. Rxe3 Kf8 22. b4 Re8 23. Rxe8+ Nxe8 24. Bb3 Qf6 25. Qxf6 Nxf6 26. f3 Ke7 27. Kf2 Kd6 28. Ke3 Nd7 29. Kd4 f6 30. Nd1 g5 31. Ne3 Ne5 32. Bc2 Bxc2 33. Nxc2 c6 34. dxc6 Nxc6+ 35. Ke4 Ke6 36. g4 Ne5 37. Nd4+ Kd6 38. Nf5+ Kc6 39. Nxh6 Kb5 40. Ng8 Nd7 41. Kf5 Ka4 42. Nxf6 Nf8 43. Kxg5 Kxa3 44. Nd5 Kb3 45. Kf5 Kc4 46. Ke4 b6 47. h4 a5 48. Nxb6+ Kxb4 49. h5 Kc5 50. g5 Nh7 51. Kf4 Kd6 52. Nc4+ 1-0

[Event "Foment Martinenc"]
[Site "Barcelona"]
[Date "2010.10.16"]
[Round "3"]
[White "Jose Abril, Ramon"]
[Black "Tallo Dominguez, Imar"]
[Result "1-0"]
[WhiteElo "2333"]
[BlackElo "2177"]
[PlyCount "105"]
[EventDate "2010.10.02"]
[EventType "tourn"]
[EventRounds "9"]
[EventCountry "ESP"]
[EventCategory "2"]
[SourceTitle "EXT 2012"]
[Source "ChessBase"]
[SourceDate "2011.11.24"]
[SourceVersion "1"]
[SourceVersionDate "2011.11.24"]
[SourceQuality "1"]

1. d4 Nf6 2. c4 c5 3. d5 b5 4. Qc2 bxc4 5. e4 d6 6. Bxc4 g6 7. Nc3 Bg7 8. Nf3 Nbd7 9. 0-0 0-0 10. Re1 Nb6 11. Bf1 Bb7 12. a4 Ng4 13. a5 Nd7 14. h3 Nge5 15. Nh2 c4 16. f4 Nd3 17. Bxd3 cxd3 18. Qxd3 Nc5 19. Qc2 Ba6 20. Nf3 Qc7 21. Rd1 Bc4 22. Ra3 Rab8 23. Nd4 Bxd4+ 24. Rxd4 Nb3 25. Rd1 Nxa5 26. Re1 Bb3 27. Qf2 Rb7 28. f5 Nc4 29. Ra6 Ne5 30. Bh6 Nd3 31. Qd2 Nxe1 32. Rc6 Qb8 33. Bxf8 Kxf8 34. Qxe1 Rb6 35. Qe3 Bc2 36. Qd4 Ke8 37. Qg7 gxf5 38. exf5 Kd7 39. Qxf7 Rxc6 40. dxc6+ Kxc6 41. Nd5 Qxb2 42. Nxe7+ Kb6 43. Nc8+ Kc5 44. Qxa7+ Kd5 45. Qf7+ Ke4 46. Nxd6+ Kf4 47. Qc4+ Kg5 48. Qg4+ Kf6 49. Qh4+ Kg7 50. Qe7+ Kh6 51. Nf7+ Kg7 52. Ne5+ Kh6 53. Qf6+ 1-0

[Event "Catalunya-chT Honor"]
[Site "Catalunya"]
[Date "2008.02.24"]
[Round "5"]
[White "Vidarte Morales, Arturo"]
[Black "Jose Abril, Ramon"]
[Result "1-0"]
[WhiteElo "2415"]
[BlackElo "2326"]
[PlyCount "87"]
[EventDate "2008.01.27"]
[EventType "team-tourn"]
[EventRounds "9"]
[EventCountry "ESP"]
[SourceTitle "EXT 2019"]
[Source "ChessBase"]
[SourceDate "2018.10.10"]
[SourceVersion "1"]
[SourceVersionDate "2018.10.10"]
[SourceQuality "1"]

1. c4 f5 2. d4 Nf6 3. g3 e6 4. Bg2 c6 5. Nf3 d5 6. 0-0 Bd6 7. Nbd2 0-0 8. Ne5 Bxe5 9. dxe5 Ne4 10. Nxe4 fxe4 11. b3 Nd7 12. Bb2 Qg5 13. f4 Qd8 14. Ba3 Rf7 15. cxd5 cxd5 16. Bd6 b6 17. Qd2 Nc5 18. Rfc1 Nb7 19. Ba3 a5 20. Bh3 Bd7 21. Qd4 a4 22. b4 h5 23. Rc3 g5 24. fxg5 Qxg5 25. Bc1 Qg7 26. Be3 Nd8 27. Rac1 Rb8 28. a3 Kh7 29. Qd2 Rb7 30. Bg5 d4 31. R3c2 Qxe5 32. Bxd8 d3 33. Rc7 Bb5 34. Rxb7 Rxb7 35. Qg5 Qxg5 36. Bxg5 dxe2 37. Bxe6 Kg6 38. Bf4 Bd3 39. Kf2 Re7 40. Rc6 b5 41. Bg4+ Kg7 42. Bxe2 e3+ 43. Bxe3 Rf7+ 44. Bf4 1-0

[Event "Catalunya-chT Honor"]
[Site "Catalunya"]
[Date "2008.02.03"]
[Round "2"]
[White "Escandell, Juan C"]
[Black "Jose Abril, Ramon"]
[Result "0-1"]
[WhiteElo "2315"]
[BlackElo "2326"]
[PlyCount "88"]
[EventDate "2008.01.27"]
[EventType "team-tourn"]
[EventRounds "9"]
[EventCountry "ESP"]
[SourceTitle "EXT 2019"]
[Source "ChessBase"]
[SourceDate "2018.10.10"]
[SourceVersion "1"]
[SourceVersionDate "2018.10.10"]
[SourceQuality "1"]

1. e4 c5 2. Nf3 e6 3. d4 cxd4 4. Nxd4 a6 5. Bd3 Bc5 6. Nb3 Be7 7. 0-0 d6 8. c4 Nf6 9. Nc3 b6 10. Qe2 Nbd7 11. Nd4 Bb7 12. Kh1 Qc7 13. f4 g6 14. b3 h5 15. f5 gxf5 16. exf5 e5 17. Nf3 Nc5 18. Bc2 h4 19. Kg1 h3 20. g3 b5 21. Bg5 Qb6 22. Be3 bxc4 23. bxc4 Qc6 24. Bg5 Qb6 25. Rab1 Qa7 26. Be3 Ng4 27. Nd5 Bxd5 28. cxd5 Nxe3 29. Qxe3 Bf6 30. Nd2 Bg5 31. Rf4 Bxf4 32. gxf4 Nd7 33. Qxa7 Rxa7 34. fxe5 dxe5 35. Ne4 Rg8+ 36. Kf1 Rg2 37. Ba4 Kd8 38. Rb3 Rg4 39. Nd6 Rf4+ 40. Ke2 Rxa4 41. Rxh3 Rxa2+ 42. Kd1 Nf6 43. Rh8+ Kd7 44. Nxf7 Rb7 0-1